| 000 | 00466nam a22001457a 4500 | ||
|---|---|---|---|
| 082 | _aT-68 | ||
| 100 |
_aGhulam Raza Khan, Maj _948419 |
||
| 245 |
_aA comparative study of cone penetration test (CPT) and standard penetration test (SPT) for typical soils of Lahore _cGhulam Raza Khan, Maj |
||
| 260 | _c1994 | ||
| 300 | _a192 P, : | ||
| 526 |
_a0 _b0 _c0 _dT_68 |
||
| 650 |
_aThesis _934811 |
||
| 700 |
_aProfessor Muhammad Siddique Qureshi _948420 |
||
| 942 |
_2ddc _cBK |
||
| 999 |
_c551376 _d551376 |
||